00412nam a2200145Ia 4500008004100000020001500041041001200056082001100068100001900079245010300098260002500201300000800226650001600234700001600250221030s9999 xx 000 0 und d a8120333642 aEnglish a105.23 aS. W. Dietrich 3aAn Advanced Course in Database Systems Beyond Relational Databasescby S. W. Dietrich, S. D. Urban bPHIaNew Delhic2009 a302 aBE Computer aS. D. Urban